[Event "9. Miedzynardowy Turniej Klubu Polonia Wroclaw<br/>Turniej Arcymistrzowski"]
[Site "Wroclaw"]
[Date "2014-07-02"]
[Round "1.1"]
[White "Gajek, Radoslaw"]
[Black "Andreev, Eduard"]
[Result "1/2-1/2"]
[WhiteTitle "FM"]
[BlackTitle "GM"]
[WhiteElo "2315"]
[BlackElo "2492"]

1. e4 c5 2. Nf3 d6 3. d4 cxd4 4. Nxd4 Nf6 5. f3 e5 6. Nb3 Be7 7. c4 O-O 8. Be3
a5 9. Nc3 Nc6 10. a4 Nb4 11. Be2 Nh5 12. O-O Bg5 13. Bf2 Nf4 14. Re1 Be6 15. Nd5
Bxd5 16. exd5 Bh4 17. Bxh4 Qxh4 18. Bf1 Qg5 19. Qd2 b6 20. Rad1 Qg6 21. Re4 Na6
22. Re3 h5 23. Qe1 f5 24. Kh1 Qh6 25. g3 Ng6 26. f4 Nc5 27. fxe5 Nxe5 28. Nd4
f4 29. gxf4 Qxf4 30. Bh3 Ng4 31. Bxg4 Qxg4 32. h3 Qf4 33. Ne6 Nxe6 34. dxe6 Rae8
35. Qe2 Re7 36. Re1 Rf5 37. b3 d5 1/2-1/2

[Event "9. Miedzynardowy Turniej Klubu Polonia Wroclaw<br/>Turniej Arcymistrzowski"]
[Site "Wroclaw"]
[Date "2014-07-02"]
[Round "1.2"]
[White "Malaniuk, Vladimir P"]
[Black "Dobrowolski, Piotr"]
[Result "1/2-1/2"]
[WhiteTitle "GM"]
[BlackTitle "IM"]
[WhiteElo "2554"]
[BlackElo "2423"]

1. d4 Nf6 2. Nf3 e6 3. c4 b6 4. Nc3 Bb7 5. Bg5 Bb4 6. Nd2 Nc6 7. e3 Ne7 8. Bxf6
gxf6 9. Qb3 Bxc3 10. Qxc3 Rg8 11. Rg1 f5 12. g3 d6 13. Bd3 c5 14. dxc5 bxc5 15.
O-O-O Qc7 16. g4 fxg4 17. Bxh7 Rf8 18. Rxg4 O-O-O 19. Rg7 f5 20. h4 Rd7 21. h5
Nc6 22. Rdg1 Nd4 23. Rg8 Ne2+ 24. Kc2 Rfd8 25. Qf6 Nxg1 26. Qxe6 Kb8 27. Bxf5
Re7 28. Qg6 Bc8 29. Rxd8 1/2-1/2

[Event "9. Miedzynardowy Turniej Klubu Polonia Wroclaw<br/>Turniej Arcymistrzowski"]
[Site "Wroclaw"]
[Date "2014-07-02"]
[Round "1.3"]
[White "Sabuk, Piotr"]
[Black "Stachowiak, Kamil"]
[Result "1/2-1/2"]
[WhiteTitle ""]
[BlackTitle "IM"]
[WhiteElo "2336"]
[BlackElo "2434"]

1. d4 Nf6 2. c4 c5 3. Nf3 cxd4 4. Nxd4 e5 5. Nb5 d5 6. cxd5 Bc5 7. N5c3 O-O 8.
g3 Qb6 9. e3 Bg4 10. Be2 Bxe2 11. Qxe2 e4 12. O-O Nbd7 13. a3 Rfe8 14. b4 Bd6
15. Nd2 Be5 16. Nc4 Qd8 17. Bb2 Nb6 1/2-1/2

[Event "9. Miedzynardowy Turniej Klubu Polonia Wroclaw<br/>Turniej Arcymistrzowski"]
[Site "Wroclaw"]
[Date "2014-07-02"]
[Round "1.4"]
[White "Sadzikowski, Daniel"]
[Black "Wieczorek, Oskar"]
[Result "1-0"]
[WhiteTitle "IM"]
[BlackTitle "IM"]
[WhiteElo "2482"]
[BlackElo "2401"]

1. c4 Nf6 2. Nc3 g6 3. e4 Bg7 4. d4 O-O 5. Be2 c6 6. e5 Ne8 7. f4 d6 8. Nf3 c5
9. dxc5 Nc6 10. O-O Qa5 11. cxd6 exd6 12. Nd5 dxe5 13. fxe5 Nxe5 14. Bd2 Nxf3+
15. Rxf3 Qc5+ 16. Kh1 a5 17. Be3 Qd6 18. Nb6 Bg4 19. Nxa8 Bxf3 20. Bxf3 Qe5 21.
Qd2 Nf6 22. Nb6 Ne4 23. Bxe4 Qxe4 24. Rc1 Re8 25. Nd5 1-0

[Event "9. Miedzynardowy Turniej Klubu Polonia Wroclaw<br/>Turniej Arcymistrzowski"]
[Site "Wroclaw"]
[Date "2014-07-02"]
[Round "1.5"]
[White "Szotkowski, Jakub"]
[Black "Simantsev, Mikhail"]
[Result "1/2-1/2"]
[WhiteTitle ""]
[BlackTitle "GM"]
[WhiteElo "2240"]
[BlackElo "2447"]

1. Nf3 c5 2. c4 Nf6 3. Nc3 d5 4. cxd5 Nxd5 5. d4 Nxc3 6. bxc3 cxd4 7. cxd4 e6 8.
e4 Bb4+ 9. Bd2 Bxd2+ 10. Qxd2 O-O 11. Bc4 Nc6 12. O-O b6 13. Rac1 Bb7 14. Rfd1
Rc8 15. d5 exd5 16. Bxd5 Na5 17. Rxc8 Qxc8 18. Ne5 Bxd5 19. exd5 f6 20. Rc1 Qd8
21. Ng4 Qd7 22. Ne3 Rd8 23. h3 Nb7 24. Rc4 Nd6 25. Rh4 Rc8 26. Qd3 f5 27. Rf4
g6 28. g4 Rf8 29. gxf5 gxf5 30. Kf1 Qc8 31. Qd4 Qc1+ 32. Kg2 Qc7 33. Kf3 Qf7 34.
Qe5 Qh5+ 35. Kg2 Qg6+ 36. Kh2 Re8 37. Qc3 Rc8 38. Qe5 Re8 39. Qc3 Rc8 1/2-1/2

[Event "9. Miedzynardowy Turniej Klubu Polonia Wroclaw<br/>Turniej Arcymistrzowski"]
[Site "Wroclaw"]
[Date "2014-07-02"]
[Round "2.2"]
[White "Wieczorek, Oskar"]
[Black "Szotkowski, Jakub"]
[Result "1-0"]
[WhiteTitle "IM"]
[BlackTitle ""]
[WhiteElo "2401"]
[BlackElo "2240"]

1. e4 c5 2. Nf3 e6 3. d4 cxd4 4. Nxd4 Nc6 5. Nc3 Qc7 6. g3 a6 7. Bg2 d6 8. O-O
Bd7 9. a4 Be7 10. Nb3 Nf6 11. a5 Ne5 12. f4 Nc4 13. Qe2 O-O 14. g4 Bb5 15. g5
Nd7 16. Qf2 Rfe8 17. f5 Nde5 18. Nxb5 axb5 19. Nd4 Ng4 20. Qg3 Qc5 21. c3 e5 22.
Rd1 Nf6 23. gxf6 Bxf6 24. b4 Qa7 25. Be3 exd4 26. Bxd4 Bxd4+ 27. cxd4 f6 28. Kh1
Rac8 29. Ra2 Kh8 30. Re2 b6 31. axb6 Qxb6 32. Bf3 Re7 33. Qf2 Ra7 34. Ra2 Rxa2
35. Qxa2 h6 36. Bh5 d5 37. e5 Ne3 38. Re1 Qxd4 39. Qf2 Rc3 40. e6 Qa7 41. Bg6
d4 42. Qf3 Rc2 43. e7 1-0

[Event "9. Miedzynardowy Turniej Klubu Polonia Wroclaw<br/>Turniej Arcymistrzowski"]
[Site "Wroclaw"]
[Date "2014-07-02"]
[Round "2.3"]
[White "Stachowiak, Kamil"]
[Black "Sadzikowski, Daniel"]
[Result "1/2-1/2"]
[WhiteTitle "IM"]
[BlackTitle "IM"]
[WhiteElo "2434"]
[BlackElo "2482"]

1. d4 Nf6 2. c4 g6 3. Nc3 Bg7 4. e4 d6 5. Nf3 O-O 6. Be2 Bg4 7. O-O Nfd7 8. Be3
c5 9. d5 Bxc3 10. bxc3 Qa5 11. Qb3 Nf6 12. h3 Bxf3 13. Bxf3 Nbd7 14. Qc2 b5 15.
cxb5 Qxb5 16. Rfb1 Qa5 17. a4 Rfb8 18. c4 Rxb1+ 19. Rxb1 Rb8 20. Rxb8+ Nxb8 21.
Bd2 Qb6 22. a5 Qb7 23. Bc3 Nbd7 24. Be2 e5 25. g3 Kf8 26. Kg2 Ke7 27. Bd3 Ne8
28. Qa4 a6 29. Bc2 Nb8 30. Qa1 f6 31. Qc1 Kd8 32. Ba4 Qc7 33. h4 Qf7 34. Qb1 Qc7
35. Bd1 Nd7 36. h5 Ke7 37. Bg4 Qb8 38. Qd1 Nf8 39. Kf1 Qb7 40. Qc2 Ng7 41. h6
Ne8 42. Ke1 Nc7 43. Kd2 Ne8 44. Kc1 Kf7 45. Qa4 Ke7 46. Kc2 Kf7 47. Qa1 Ke7 48.
f4 Qb8 49. Qa3 Qc7 50. Bd2 Nd7 51. Bc3 Nf8 52. Qb2 Nd7 53. Be6 Nf8 54. Bg4 Nd7
55. Be6 Nf8 56. f5 Nxe6 57. fxe6 Kd8 58. g4 Kc8 59. Bd2 Qb7 60. Qa3 g5 61. Qf3
Kd8 62. Qh3 Kc8 63. Qh5 Kd8 64. Qf7 Qxf7 65. exf7 Ke7 66. fxe8=R+ Kxe8 1/2-1/2

[Event "9. Miedzynardowy Turniej Klubu Polonia Wroclaw<br/>Turniej Arcymistrzowski"]
[Site "Wroclaw"]
[Date "2014-07-02"]
[Round "2.4"]
[White "Dobrowolski, Piotr"]
[Black "Sabuk, Piotr"]
[Result "1/2-1/2"]
[WhiteTitle "IM"]
[BlackTitle ""]
[WhiteElo "2423"]
[BlackElo "2336"]

1. c4 e6 2. Nc3 d5 3. d4 Be7 4. Bf4 Nf6 5. e3 O-O 6. a3 c5 7. dxc5 Bxc5 8. Qc2
Nc6 9. Nf3 Qa5 10. Rd1 Be7 11. Nd2 Qb6 12. Na4 Qd8 13. Bg3 Bd7 14. c5 Qa5 15.
Bd3 Rfc8 16. O-O Nd8 17. Nc3 Qxc5 18. Nf3 h6 19. Be5 Nc6 20. Bxf6 Bxf6 21. Nxd5
Qxc2 22. Nxf6+ gxf6 23. Bxc2 Rc7 24. Ba4 Kf8 25. Nd2 Ke7 26. Ne4 f5 27. Nd6 a6
28. Rd2 Ne5 29. Bd1 Bc6 30. f4 Nd7 31. Bf3 Bxf3 32. gxf3 Rg8+ 33. Kf2 Nf6 34.
Rfd1 Rd7 35. Nc4 Rxd2+ 36. Rxd2 Rc8 37. Ne5 Rc7 38. Ke2 Nd5 39. Nd3 Rc4 40. Kf2
1/2-1/2

[Event "9. Miedzynardowy Turniej Klubu Polonia Wroclaw<br/>Turniej Arcymistrzowski"]
[Site "Wroclaw"]
[Date "2014-07-02"]
[Round "2.5"]
[White "Gajek, Radoslaw"]
[Black "Malaniuk, Vladimir P"]
[Result "0-1"]
[WhiteTitle "FM"]
[BlackTitle "GM"]
[WhiteElo "2315"]
[BlackElo "2554"]

1. e4 e5 2. Nf3 Nc6 3. Bc4 Bc5 4. O-O Nf6 5. d3 a6 6. c3 Ba7 7. Nbd2 O-O 8. h3
d6 9. Bb3 Be6 10. Re1 Bxb3 11. Qxb3 Rb8 12. Nf1 h6 13. Ng3 Qd7 14. Nf5 Kh7 15.
Qd1 Rfe8 16. g4 Ng8 17. d4 Rbd8 18. Kg2 d5 19. exd5 Qxd5 20. Ne3 Qd7 21. d5 Nb8
22. c4 e4 23. Nd4 c6 24. Qd2 Ne7 25. Ndf5 Bxe3 26. Nxe3 cxd5 27. Qc2 d4 28. Nf1
d3 29. Qc3 Ng6 30. Be3 f5 31. gxf5 Nh4+ 32. Kg3 Nxf5+ 33. Kh2 Nc6 34. Nd2 Ncd4
35. Bxd4 Qc7+ 36. Kh1 Rxd4 37. b3 Qf4 38. Rf1 Rd6 39. Rg1 Qxf2 40. Rg2 Qd4 41.
Qxd4 Nxd4 42. Rag1 Rd7 43. Rg4 e3 44. Ne4 Nf3 45. Rxg7+ Rxg7 46. Nf6+ Kh8 47.
Rxg7 Kxg7 48. Nxe8+ Kg6 0-1

[Event "9. Miedzynardowy Turniej Klubu Polonia Wroclaw<br/>Turniej Arcymistrzowski"]
[Site "Wroclaw"]
[Date "2014-07-02"]
[Round "3.2"]
[White "Sabuk, Piotr"]
[Black "Gajek, Radoslaw"]
[Result "0-1"]
[WhiteTitle ""]
[BlackTitle "FM"]
[WhiteElo "2336"]
[BlackElo "2315"]

1. d4 Nf6 2. c4 e6 3. g3 c5 4. Nf3 cxd4 5. Nxd4 d5 6. Bg2 e5 7. Nf3 d4 8. O-O Nc6
9. e3 Be7 10. exd4 exd4 11. b4 Nxb4 12. Nxd4 O-O 13. a3 Na6 14. Bf4 Bg4 15. Qd2
Qd7 16. Nc3 Rac8 17. Nd5 Rxc4 18. Nxe7+ Qxe7 19. Nb5 Rd8 20. Qe3 Qd7 21. Qb3 Be2
22. Rfe1 Nc5 23. Qa2 Bd3 24. Nxa7 Qa4 25. Rad1 Rc2 26. Qb1 Rxf2 27. Kxf2 Qd4+
28. Be3 Ng4+ 29. Kg1 Nxe3 30. Qb4 Nc4+ 31. Kh1 g6 32. Nb5 Qf2 33. Rf1 Bxf1 34.
Rxf1 Qe2 35. Nc3 Qd3 36. Qxc5 Ne3 37. Re1 Re8 38. h3 Re6 39. Rg1 Nxg2 40. Rxg2
Rc6 41. Qb5 Qxc3 42. Kh2 Rc7 43. a4 Re7 44. Re2 Rxe2+ 45. Qxe2 b6 46. Qb5 Qa5
47. Qc4 Qd2+ 48. Kg1 Kg7 49. Qe4 Qc3 50. Kg2 Kf6 51. Qa8 Qd2+ 52. Kf3 Qd3+ 53.
Kf2 Qd4+ 54. Kg2 Ke7 55. h4 Qc5 56. Kh2 Qf2+ 57. Kh3 Qf1+ 58. Kh2 Qf2+ 59. Kh3
Qc5 60. Kh2 Qb4 61. Qc6 Qd2+ 62. Kg1 Qd6 63. Qe4+ Kf6 64. Kf2 Qc5+ 65. Kg2 h6
66. Qa8 Kg7 67. Kh2 g5 68. hxg5 hxg5 69. Qe4 f5 70. Qe2 g4 71. Qe6 Qf2+ 72. Kh1
Qf1+ 73. Kh2 Qh3+ 74. Kg1 Qxg3+ 75. Kh1 Qf3+ 76. Kg1 Qg3+ 77. Kh1 Qh4+ 78. Kg1
Qf6 79. Qd5 f4 80. a5 Qa1+ 81. Kg2 Qb2+ 82. Kg1 Qc1+ 83. Kg2 Qc2+ 84. Kg1 Qc1+
85. Kg2 Qb2+ 86. Kg1 Qa1+ 87. Kg2 Qxa5 88. Qd4+ Kg6 89. Qxf4 Qd5+ 90. Kh2 Kh5
91. Kg3 Qd3+ 92. Kf2 b5 93. Qf7+ Kg5 94. Qg7+ Qg6 95. Qb7 Qf5+ 96. Kg2 Qe5 97.
Qb6 Qe4+ 98. Kg1 b4 99. Qc5+ Kh4 100. Qf2+ g3 101. Qf6+ Kg4 102. Qg7+ Kf3 103.
Qf7+ Qf4 104. Qd5+ Qe4 105. Qd1+ Ke3 106. Qe2+ Kd4 107. Qd2+ Kc4 108. Qc1+ Kb3
109. Qd1+ Qc2 110. Qf3+ Qc3 111. Qd1+ Ka3 112. Qf3 Kb2 113. Qe2+ Kb1 114. Qe4+
Kc1 115. Qf4+ Kb2 116. Kg2 b3 117. Qa4 Qe3 118. Qc6 Qf2+ 119. Kh3 g2 120. Qc4
g1=N+ 0-1

[Event "9. Miedzynardowy Turniej Klubu Polonia Wroclaw<br/>Turniej Arcymistrzowski"]
[Site "Wroclaw"]
[Date "2014-07-02"]
[Round "3.3"]
[White "Sadzikowski, Daniel"]
[Black "Dobrowolski, Piotr"]
[Result "1-0"]
[WhiteTitle "IM"]
[BlackTitle "IM"]
[WhiteElo "2482"]
[BlackElo "2423"]

1. c4 Nf6 2. Nc3 g6 3. e4 d6 4. d4 Bg7 5. Be2 O-O 6. Nf3 e5 7. O-O Nc6 8. d5 Ne7
9. b4 a5 10. Ba3 axb4 11. Bxb4 Nd7 12. a4 Bh6 13. Nd2 f5 14. Nb3 Nf6 15. exf5
gxf5 16. c5 Kh8 17. cxd6 cxd6 18. Nb5 Ne8 19. Bh5 Ng6 20. Bxg6 hxg6 21. Ra3 Ra6
22. Nd2 Bxd2 23. Qxd2 f4 24. Rc1 Rf7 25. Qc3 Bf5 26. Nxd6 Nxd6 27. Qxe5+ Kg8 28.
Qxf4 Be4 29. Qd2 Qf6 30. f3 Bf5 31. a5 Qh4 32. Rb3 Rh7 33. g3 Qd8 34. Re3 Re7
35. Rxe7 Qxe7 36. Re1 Qf7 37. g4 Bd7 38. Kg2 Nc8 39. Bc3 Rd6 40. Qd4 Qh7 41. h4
Ne7 42. Qb4 Nc8 43. Qd4 Qh6 44. Re5 Kf7 45. h5 gxh5 46. Rxh5 Qg6 47. Qf4+ Ke7
48. Bb4 Kd8 49. Kg3 Rf6 50. Rh8+ Be8 51. Qe5 Ra6 52. Bd2 Qf7 53. Bg5+ Kd7 54.
Qb8 Qxd5 55. Rh7+ 1-0

[Event "9. Miedzynardowy Turniej Klubu Polonia Wroclaw<br/>Turniej Arcymistrzowski"]
[Site "Wroclaw"]
[Date "2014-07-02"]
[Round "3.4"]
[White "Szotkowski, Jakub"]
[Black "Stachowiak, Kamil"]
[Result "1-0"]
[WhiteTitle ""]
[BlackTitle "IM"]
[WhiteElo "2240"]
[BlackElo "2434"]

1. d4 Nf6 2. c4 e6 3. Nc3 d5 4. cxd5 Nxd5 5. e4 Nxc3 6. bxc3 c5 7. Nf3 cxd4 8.
cxd4 Bb4+ 9. Bd2 Bxd2+ 10. Qxd2 O-O 11. Bc4 Nc6 12. O-O b6 13. Rac1 Na5 14. Bd3
Bb7 15. Qf4 Qf6 16. Qe3 Qe7 17. h4 Rac8 18. h5 h6 19. g4 Rfd8 20. Rxc8 Rxc8 21.
Rc1 Qd8 22. Rxc8 Qxc8 23. g5 hxg5 24. Qxg5 Qf8 25. h6 Kh8 26. h7 Nc6 27. Qf4 Qe7
28. d5 e5 29. Qg3 Nd4 30. Nxd4 exd4 31. Qf4 g6 32. d6 Qe6 33. Bb5 Bc8 34. e5 Kxh7
35. Qxd4 Bd7 36. Qh4+ Kg7 37. Qf6+ Qxf6 38. exf6+ Kxf6 39. Bxd7 Ke5 40. Be8 Kxd6
41. Bxf7 Kd5 1-0

[Event "9. Miedzynardowy Turniej Klubu Polonia Wroclaw<br/>Turniej Arcymistrzowski"]
[Site "Wroclaw"]
[Date "2014-07-02"]
[Round "3.5"]
[White "Simantsev, Mikhail"]
[Black "Wieczorek, Oskar"]
[Result "1-0"]
[WhiteTitle "GM"]
[BlackTitle "IM"]
[WhiteElo "2447"]
[BlackElo "2401"]

1. c4 Nf6 2. Nc3 e5 3. e3 g6 4. Nf3 d6 5. d4 Nbd7 6. g3 Bg7 7. Bg2 O-O 8. O-O Re8
9. b3 exd4 10. Nxd4 Nc5 11. Bb2 a5 12. Qc2 c6 13. Rab1 Qb6 14. Ba1 h6 15. a3 Ne6
16. Na4 Qc7 17. Nxe6 Bxe6 18. Rbd1 Nh5 19. Bd4 Bxd4 20. Rxd4 Ng7 21. Rfd1 Rad8
22. Qd2 b5 23. Nc5 Nf5 24. Rd3 bxc4 25. Nxe6 Rxe6 26. bxc4 Ng7 27. c5 Ne8 28.
Rc1 Nf6 29. e4 Nxe4 30. cxd6 Nxd6 31. Rxc6 Qe7 32. h4 Re1+ 33. Kh2 Re2 34. Qf4
Nf5 35. Rxd8+ Qxd8 36. Rxg6+ fxg6 37. Qc4+ Kg7 38. Qxe2 Qd6 39. Qb2+ Qd4 40. Qb7+
Kf6 41. Qf3 h5 42. Bh3 Qc5 43. Bxf5 gxf5 44. a4 Qb4 45. Qc6+ Ke5 46. Kg2 f4 47.
Qc7+ Kf5 48. Qxf4+ Qxf4 49. gxf4 Kxf4 50. f3 Ke5 51. Kf1 Kd4 52. Ke2 Ke5 53. Ke3
Kf5 54. f4 Kg4 55. Ke4 1-0

[Event "9. Miedzynardowy Turniej Klubu Polonia Wroclaw<br/>Turniej Arcymistrzowski"]
[Site "Wroclaw"]
[Date "2014-07-02"]
[Round "4.1"]
[White "Andreev, Eduard"]
[Black "Wieczorek, Oskar"]
[Result "0-1"]
[WhiteTitle "GM"]
[BlackTitle "IM"]
[WhiteElo "2492"]
[BlackElo "2401"]

1. e4 c5 2. Nf3 g6 3. d4 cxd4 4. Nxd4 Bg7 5. Nc3 Nc6 6. Be3 Nf6 7. Bc4 O-O 8. Bb3
Qa5 9. O-O d6 10. h3 Bd7 11. Re1 Rac8 12. Nd5 Rfe8 13. Nxf6+ Bxf6 14. c3 Ne5 15.
Qe2 b5 16. Rad1 Nc4 17. Bh6 Qb6 18. Kh1 Rc5 19. g4 Bc8 20. Nf5 Bb7 21. Ng3 Qc7
22. Kh2 a5 23. a3 Ba6 24. f4 Rc6 25. Bxc4 Rxc4 26. e5 dxe5 27. fxe5 Bh4 28. Rg1
Bb7 29. Rd4 Rxd4 30. cxd4 Rc8 31. Nf5 Qc2 32. Bd2 gxf5 33. gxf5+ Kh8 34. Rg4 Bf3
35. Qxf3 Qxd2+ 36. Rg2 Qxd4 37. Re2 Rg8 38. Qe3 Bg3+ 39. Kh1 Qd1+ 0-1

[Event "9. Miedzynardowy Turniej Klubu Polonia Wroclaw<br/>Turniej Arcymistrzowski"]
[Site "Wroclaw"]
[Date "2014-07-02"]
[Round "4.2"]
[White "Stachowiak, Kamil"]
[Black "Simantsev, Mikhail"]
[Result "1/2-1/2"]
[WhiteTitle "IM"]
[BlackTitle "GM"]
[WhiteElo "2434"]
[BlackElo "2447"]

1. d4 Nf6 2. c4 e6 3. Nf3 b6 4. g3 Bb7 5. Bg2 Be7 6. O-O O-O 7. Nc3 Ne4 8. Bd2
Bf6 9. Rc1 c5 10. d5 exd5 11. cxd5 Nxd2 12. Nxd2 d6 13. Re1 a6 14. a4 Nd7 15.
Qb3 Rb8 16. Nc4 Ne5 17. Ne3 b5 18. axb5 axb5 19. f4 Nd7 20. Kh1 Nb6 21. Ng4 b4
22. Nxf6+ Qxf6 23. Ne4 Qe7 24. Nd2 Rfe8 25. e3 Qd7 26. e4 f5 27. e5 Kh8 28. Nc4
Nxc4 29. Qxc4 Qc7 30. exd6 Qxd6 31. h3 Rxe1+ 32. Rxe1 Ba6 33. Qc2 Qf8 34. Re6
Bb5 35. b3 Bd7 36. Re5 Qd6 37. Qe2 Kg8 38. Bf1 Kf8 39. Qh5 Qg6 40. Qf3 Qd6 41.
Bc4 g6 42. Qe2 Ra8 43. Qb2 Rd8 44. h4 h5 45. Kh2 Kf7 46. Re2 Bc8 47. Kh3 Kg8 48.
Qa1 Kf8 49. Qh8+ Kf7 50. Qh7+ Kf6 51. Qh6 Kf7 52. Qh7+ Kf6 53. Qa7 Rf8 54. Qa1+
Kf7 55. Re6 Bxe6 56. dxe6+ Ke7 57. Qg7+ Kd8 58. Qa7 Re8 59. Qa8+ Ke7 60. Qb7+
Kd8 61. Qa8+ Ke7 62. Qa7+ Kd8 63. Qa8+ Ke7 64. Qa1 Kd8 65. Qa8+ 1/2-1/2

[Event "9. Miedzynardowy Turniej Klubu Polonia Wroclaw<br/>Turniej Arcymistrzowski"]
[Site "Wroclaw"]
[Date "2014-07-02"]
[Round "4.3"]
[White "Dobrowolski, Piotr"]
[Black "Szotkowski, Jakub"]
[Result "1-0"]
[WhiteTitle "IM"]
[BlackTitle ""]
[WhiteElo "2423"]
[BlackElo "2240"]

1. e4 c5 2. Nf3 e6 3. d4 cxd4 4. Nxd4 Nc6 5. Nc3 Qc7 6. Be2 Nf6 7. O-O a6 8. Be3
Bb4 9. Na4 O-O 10. c4 Bd6 11. g3 Nxe4 12. c5 Be5 13. Bf3 f5 14. Bxe4 fxe4 15.
Nb6 Rb8 16. Rc1 Nb4 17. Qg4 Bxd4 18. Bxd4 e5 19. Be3 d5 20. cxd6 Qxc1 21. d7 Bxd7
22. Nxd7 Qc6 23. Rc1 Nc2 24. Nxf8 Rxf8 25. Qh5 Rd8 26. h3 Qa4 27. Bb6 Rc8 28.
Qxe5 Qc6 29. Bd4 Rc7 30. Rxc2 1-0

[Event "9. Miedzynardowy Turniej Klubu Polonia Wroclaw<br/>Turniej Arcymistrzowski"]
[Site "Wroclaw"]
[Date "2014-07-02"]
[Round "4.4"]
[White "Gajek, Radoslaw"]
[Black "Sadzikowski, Daniel"]
[Result "1/2-1/2"]
[WhiteTitle "FM"]
[BlackTitle "IM"]
[WhiteElo "2315"]
[BlackElo "2482"]

1. e4 c5 2. Nf3 d6 3. d4 Nf6 4. Nc3 cxd4 5. Nxd4 a6 6. Be3 e5 7. Nb3 Be6 8. f3
Be7 9. Qd2 O-O 10. O-O-O Nbd7 11. g4 Rc8 12. Kb1 Nb6 13. h4 Nfd7 1/2-1/2

[Event "9. Miedzynardowy Turniej Klubu Polonia Wroclaw<br/>Turniej Arcymistrzowski"]
[Site "Wroclaw"]
[Date "2014-07-02"]
[Round "4.5"]
[White "Malaniuk, Vladimir P"]
[Black "Sabuk, Piotr"]
[Result "1-0"]
[WhiteTitle "GM"]
[BlackTitle ""]
[WhiteElo "2554"]
[BlackElo "2336"]

1. c4 e6 2. Nc3 d5 3. d4 Be7 4. Nf3 Nf6 5. Bf4 O-O 6. e3 Nbd7 7. Qc2 c5 8. dxc5
Nxc5 9. Be2 dxc4 10. Bxc4 Qb6 11. O-O Bd7 12. Ne5 Be8 13. Be2 Rc8 14. Rac1 Qb4
15. a3 Qb3 16. Qb1 Na4 17. Nd5 Nxd5 18. Rxc8 Qxb2 19. Qxb2 Nxb2 20. Rb1 Bxa3 21.
Ra1 Bd6 22. Ra2 Na4 23. Bf3 Bb5 24. Rxf8+ Bxf8 25. Bxd5 exd5 26. Nf3 f6 27. Nd4
Bd7 28. f3 Kf7 29. Kf2 Bb4 30. Rc2 Nc5 31. Bb8 Ba4 32. Ra2 a5 33. Bc7 Bb3 34.
Ra1 Bc3 35. Nxb3 Nxb3 36. Ra3 a4 37. Rxa4 Nc5 38. Ra7 Kg6 39. Bb6 Ne6 40. Rxb7
d4 41. Re7 dxe3+ 42. Kxe3 Nf8 43. Bc5 f5 44. Re8 Nd7 45. Bd4 Bb4 46. Ra8 Nf6 47.
Ra6 Be7 48. Kf4 Bd8 49. Be5 Be7 50. Bxf6 Bxf6 51. g3 1-0

[Event "9. Miedzynardowy Turniej Klubu Polonia Wroclaw<br/>Turniej Arcymistrzowski"]
[Site "Wroclaw"]
[Date "2014-07-02"]
[Round "5.1"]
[White "Sabuk, Piotr"]
[Black "Andreev, Eduard"]
[Result "1/2-1/2"]
[WhiteTitle ""]
[BlackTitle "GM"]
[WhiteElo "2336"]
[BlackElo "2492"]

1. d4 Nf6 2. c4 e6 3. g3 Bb4+ 4. Bd2 Qe7 5. Bg2 Nc6 6. e3 Bxd2+ 7. Qxd2 d5 8. Nf3
dxc4 9. O-O e5 10. dxe5 Nxe5 11. Nxe5 Qxe5 12. Na3 O-O 1/2-1/2

[Event "9. Miedzynardowy Turniej Klubu Polonia Wroclaw<br/>Turniej Arcymistrzowski"]
[Site "Wroclaw"]
[Date "2014-07-02"]
[Round "5.2"]
[White "Sadzikowski, Daniel"]
[Black "Malaniuk, Vladimir P"]
[Result "1/2-1/2"]
[WhiteTitle "IM"]
[BlackTitle "GM"]
[WhiteElo "2482"]
[BlackElo "2554"]

1. e4 e5 2. Nf3 Nc6 3. d4 exd4 4. Nxd4 Bc5 5. Nxc6 Qf6 6. Qf3 dxc6 7. Qxf6 Nxf6
8. f3 Be6 9. Bd3 O-O-O 10. Ke2 Nd7 11. Be3 Rde8 12. g4 g5 13. Bxg5 h5 1/2-1/2

[Event "9. Miedzynardowy Turniej Klubu Polonia Wroclaw<br/>Turniej Arcymistrzowski"]
[Site "Wroclaw"]
[Date "2014-07-02"]
[Round "5.3"]
[White "Szotkowski, Jakub"]
[Black "Gajek, Radoslaw"]
[Result "0-1"]
[WhiteTitle ""]
[BlackTitle "FM"]
[WhiteElo "2240"]
[BlackElo "2315"]

1. Nf3 c5 2. c4 Nc6 3. Nc3 g6 4. g3 Bg7 5. Bg2 e6 6. e4 Nge7 7. O-O O-O 8. d3 d5
9. Bg5 h6 10. Bxe7 Nxe7 11. Qe2 Re8 12. e5 Nc6 13. Rad1 a6 14. Rfe1 b5 15. b3
Rb8 16. cxb5 axb5 17. d4 Qa5 18. Qd2 c4 19. a4 b4 20. Nb5 cxb3 21. Nd6 Rd8 22.
Bf1 Ba6 23. Qf4 Rd7 24. Nd2 Nxd4 25. Qxd4 Bxf1 26. Nxb3 Qa8 27. Qf4 Ba6 28. h4
Qa7 29. Nd4 Qc5 30. Rc1 Bc4 31. N4b5 Rxb5 32. Nxb5 b3 33. Qd2 Bf8 34. h5 Qb4 35.
Qd4 Bxb5 36. Qxb4 Bxb4 37. Rc8+ Kg7 38. Rb1 Bc4 39. Ra8 d4 40. hxg6 fxg6 41. Rc8
Bd5 42. f4 d3 43. Kf2 d2 44. Ke2 Bf3+ 45. Kxf3 d1=Q+ 46. Rxd1 Rxd1 0-1

[Event "9. Miedzynardowy Turniej Klubu Polonia Wroclaw<br/>Turniej Arcymistrzowski"]
[Site "Wroclaw"]
[Date "2014-07-02"]
[Round "5.4"]
[White "Simantsev, Mikhail"]
[Black "Dobrowolski, Piotr"]
[Result "0-1"]
[WhiteTitle "GM"]
[BlackTitle "IM"]
[WhiteElo "2447"]
[BlackElo "2423"]

1. d4 Nf6 2. c4 e6 3. Nf3 b6 4. g3 Ba6 5. Qb3 Nc6 6. Nbd2 Bb7 7. e4 d5 8. cxd5
exd5 9. e5 Ne4 10. Bd3 Bb4 11. O-O O-O 12. Qc2 f5 13. a3 Be7 14. b4 Qd7 15. Bb2
Nd8 16. Rac1 Ne6 17. Nb3 g5 18. Nfd2 g4 19. f3 gxf3 20. Nxf3 Rf7 21. b5 Raf8 22.
Nbd2 Kh8 23. Kh1 Rg7 24. Rce1 Qe8 25. Ng1 Nxg3+ 26. hxg3 Qh5+ 0-1

[Event "9. Miedzynardowy Turniej Klubu Polonia Wroclaw<br/>Turniej Arcymistrzowski"]
[Site "Wroclaw"]
[Date "2014-07-02"]
[Round "6.2"]
[White "Dobrowolski, Piotr"]
[Black "Wieczorek, Oskar"]
[Result "1/2-1/2"]
[WhiteTitle "IM"]
[BlackTitle "IM"]
[WhiteElo "2423"]
[BlackElo "2401"]

1. e4 d6 2. d4 Nf6 3. Nc3 g6 4. Be3 c6 5. h3 Bg7 6. a4 Nbd7 7. g4 e5 8. Bg2 O-O
9. Nge2 exd4 10. Bxd4 Re8 11. O-O Nf8 12. Ng3 Ne6 13. Be3 d5 14. exd5 Nxd5 15.
Nxd5 cxd5 16. Bxd5 Qh4 17. Qf3 Qxh3 18. a5 a6 19. c3 Nd8 20. Ra4 Be6 21. Ne2 Qxf3
22. Bxf3 Bd7 23. Rb4 Bb5 24. c4 Bf8 25. Rb3 Bxc4 26. Rc3 Bb5 27. Rfc1 Bb4 28.
Rb3 Bxa5 29. Nd4 Bb6 30. Nxb5 Bxe3 31. Rxe3 Rxe3 32. fxe3 axb5 33. Rc5 Kg7 34.
Rxb5 Rc8 35. Kf2 Rc7 1/2-1/2

[Event "9. Miedzynardowy Turniej Klubu Polonia Wroclaw<br/>Turniej Arcymistrzowski"]
[Site "Wroclaw"]
[Date "2014-07-02"]
[Round "6.3"]
[White "Gajek, Radoslaw"]
[Black "Simantsev, Mikhail"]
[Result "1/2-1/2"]
[WhiteTitle "FM"]
[BlackTitle "GM"]
[WhiteElo "2315"]
[BlackElo "2447"]

1. e4 e5 2. Nf3 Nc6 3. Bb5 a6 4. Bxc6 dxc6 5. O-O Qf6 6. d4 exd4 7. Bg5 Qd6 8.
Nxd4 Be7 9. Be3 Nf6 10. f3 c5 11. Nb3 b6 12. a4 O-O 13. Qe2 Be6 14. N1d2 Nd7 15.
Nc4 Qc6 16. Nbd2 f5 17. exf5 Bxf5 18. c3 Rae8 19. Rfe1 Bh4 20. g3 Bf6 21. Qg2
Be6 22. Bf2 a5 23. h4 Qa8 24. Re3 Bd5 25. Rae1 Rxe3 26. Rxe3 Re8 27. Qh3 Bc6 28.
Qg4 Nf8 29. Ne4 Nd7 30. b3 Bxe4 31. Qxd7 Re7 32. Qg4 Bd5 33. Rxe7 Bxe7 34. Nd2
Qc6 1/2-1/2

[Event "9. Miedzynardowy Turniej Klubu Polonia Wroclaw<br/>Turniej Arcymistrzowski"]
[Site "Wroclaw"]
[Date "2014-07-02"]
[Round "6.4"]
[White "Malaniuk, Vladimir P"]
[Black "Szotkowski, Jakub"]
[Result "1/2-1/2"]
[WhiteTitle "GM"]
[BlackTitle ""]
[WhiteElo "2554"]
[BlackElo "2240"]

1. d4 Nf6 2. c4 c5 3. d5 b5 4. cxb5 a6 5. bxa6 g6 6. Nc3 Bxa6 7. e4 Bxf1 8. Kxf1
d6 9. Nf3 Bg7 10. g3 O-O 11. Kg2 Nbd7 12. a4 Ng4 13. Qe2 Qb6 14. Nd2 Ngf6 15.
Nc4 Qa6 16. Bg5 h6 17. Bxf6 Bxf6 18. Nb5 Qb7 19. Qc2 Bg7 20. Rad1 Kh7 21. Rhe1
Ra6 22. b3 Nb6 23. f4 Nxc4 24. Qxc4 Rb6 25. e5 dxe5 26. fxe5 Re6 27. Qxc5 Rxe5
28. Qc7 Rxe1 29. Qxb7 Rxd1 30. a5 f5 31. a6 f4 32. gxf4 Rxf4 33. Qxe7 Rd2+ 34.
Kg3 Rff2 35. a7 Rg2+ 36. Kf3 Rdf2+ 37. Ke3 Re2+ 38. Kd3 Rxe7 39. a8=Q Rxh2 40.
d6 Re1 41. Qb7 Rd1+ 42. Ke3 1/2-1/2